Arqueologia no rio grande do sul /
Guardado en:
| Autor Principal: | |
|---|---|
| Formato: | Libro |
| Publicado: |
Sao Leopoldo :
Instituto Anchietano De Pesquisas,
1967
|
| Series: | Pesquias, Antropologica, 16
|
| Materias: | |
| Etiquetas: |
Agregar Etiqueta
Sin Etiquetas, Sea el primero en etiquetar este registro!
|
| LEADER | 00536nam a22001695a 4500 | ||
|---|---|---|---|
| 001 | EHU.bham004348 | ||
| 003 | AR-BHAM | ||
| 005 | 20080215124718.0 | ||
| 008 | 130507s1967##################000#0#####d | ||
| 082 | 5 | 7 | |a 571 |
| 100 | 1 | |a Schmitz, Pedro Ignacio | |
| 245 | 1 | 0 | |a Arqueologia no rio grande do sul / |c Pedro Ignacio Schmitz. |
| 260 | |a Sao Leopoldo : |b Instituto Anchietano De Pesquisas, |c 1967 | ||
| 300 | |a 58 p. | ||
| 490 | 0 | |a Pesquias, Antropologica, 16 | |
| 653 | |a Arqueologia | ||
| 859 | |a AR-BHAM |b BIB. HUMANIDADES - General |h 571 |i Sch55-2 |p 304.68 |t Ej.1 | ||
